zpět

Detail výsledku týmu

Restaurace Queen, Olomouc

Datum a čas kvízu

22 Celkem bodů Celkový počet nahraných bodů na tomto kvízu bez doplňovacích otázek.
5. Pořadí na kvízu Konečné umístění týmu na tomto kvízu.

Zaznamenané odpovědi

# Otázka Odpověď Body Výsledky
1. Který prezidentský kandidát se... Karel Janeček 1
2. Ve věku 96 let zemřel minulý t... Čína 0
3. Minulý týden byla na seznam ne... vorařství (plavení dřeva, dřevoplavba apod.) 1
4. Minulý týden jsme se dozvěděli... Popeyes 0
5. Jeden z favoritů mistrovství s... Japonsko 1
6. V tomto tématu se podíváme na... 1B 2D 3C 4A 0
7. V následujících slovech se na... 1C 2B 3A 4D 0
8. Podívejme se teď na místní jmé... C 0
9. V následujících slovech je vyn... B 1
10. Na závěr se podíváme na několi... B 1